| 000 | 01396cam a22002773a 4500 | ||
|---|---|---|---|
| 001 | 42711 | ||
| 003 | PGUSA | ||
| 005 | 20140828083952.0 | ||
| 008 | 130513s2013||||xxu|||||s|||||000 | eng d | ||
| 040 |
_aPGUSA _beng |
||
| 042 | _adc | ||
| 050 | 4 | _aM | |
| 245 | 1 | 0 |
_aVieilles chansons pour les petits enfants : _bavec accompagnements de Ch. M. Widor _h[electronic resource] |
| 260 |
_bProject Gutenberg, _c2013 |
||
| 505 | 0 | _aAu clair de la lune -- J'ai du bon tabac -- La polichinelle -- La mist' en laire -- Ragotin -- La boulangère -- Le pont d'Avignon -- La queue leu leu -- Le furet du bois joli -- Frère Jacques -- Ramène tes moutons -- La tour, prends garde -- As-tu vu la casquette? -- Nous n'irons plus au bois -- Giroflé, Girofla -- Papa, les p'tits bateaux -- La Monaco -- Le chevalier du guet -- Ah! mon beau chateau -- Coucou -- Fais dodo, Colas -- Ah! vous dirai-je, maman -- La bonne aventure -- Le petit chasseur -- Savez-vous planter les choux? -- La mère Michel -- Galop -- Polka. | |
| 506 | _aPublic domain in the USA. | ||
| 516 | _aElectronic text | ||
| 653 | _aChildren's songs, French | ||
| 653 | _aSinging games | ||
| 653 | _aSongs with piano | ||
| 700 | 1 |
_aBoutet de Monvel, Louis-Maurice, _d1851-1913 |
|
| 700 | 1 |
_aWidor, Charles-Marie, _d1844-1937 |
|
| 830 | 0 |
_aProject Gutenberg _v42711 |
|
| 856 | 4 | 0 | _uhttp://www.gutenberg.org/ebooks/42711 |
| 942 | _cEB | ||
| 999 |
_c271963 _d271963 |
||